Cyber Forensics Tools and Practices (Record no. 23554)
[ view plain ]
| 000 -LEADER | |
|---|---|
| fixed length control field | 00258nam a22000857a 4500 |
| 008 - FIXED-LENGTH DATA ELEMENTS--GENERAL INFORMATION | |
| fixed length control field | 131218b xxu||||| |||| 00| 0 eng d |
| 020 ## - INTERNATIONAL STANDARD BOOK NUMBER | |
| International Standard Book Number | 8131404332 |
| Terms of availability | Available |
| 245 ## - TITLE STATEMENT | |
| Title | Cyber Forensics Tools and Practices |
| Statement of responsibility, etc. | Kumar Ravi |
| 260 ## - PUBLICATION, DISTRIBUTION, ETC. | |
| Place of publication, distribution, etc. | India |
| Name of publisher, distributor, etc. | The ICFAI University |
| Date of publication, distribution, etc. | 2006 |
| Withdrawn status | Lost status | Source of classification or shelving scheme | Damaged status | Not for loan | Permanent Location | Current Location | Shelving location | Date acquired | Total Checkouts | Full call number | Barcode | Date last seen | Date last checked out | Price effective from | Koha item type |
|---|---|---|---|---|---|---|---|---|---|---|---|---|---|---|---|
| NUST Baluchistan Campus (NBC) | NUST Baluchistan Campus (NBC) | General Stacks | 12/18/2013 | 1 | 005.8JAI | RCMS000600 | 06/22/2015 | 05/19/2015 | 12/18/2013 | Book |
